Loading...
| Literature - World | 1 | 3 | 0 | 0 | 45 | 64 | 81.25 | 2 | 3 | 0.00 | 0.00 |
| Literature - American | 0 | 3 | 0 | 2 | 30 | 75 | 122.00 | 0 | 1 | 0.00 | 0.00 |
| Science - Biology | 1 | 2 | 1 | 1 | 30 | 59 | 99.33 | 1 | 2 | 0.00 | 0.00 |
| Science - Chemistry | 1 | 1 | 0 | 0 | 25 | 57 | 75.00 | 1 | 2 | 0.00 | 0.00 |
| History - European | 1 | 1 | 0 | 0 | 25 | 73 | 99.00 | 0 | 1 | 0.00 | 0.00 |
| Fine Arts - Auditory | 1 | 1 | 0 | 1 | 25 | 50 | 90.50 | 0 | 1 | 0.00 | 0.00 |
| Social Science | 0 | 2 | 0 | 0 | 20 | 76 | 80.00 | 2 | 2 | 0.00 | 0.00 |
| Fine Arts - Other | 0 | 2 | 0 | 0 | 20 | 101 | 122.50 | 1 | 2 | 0.00 | 0.00 |
| History - World | 0 | 2 | 0 | 1 | 20 | 68 | 98.00 | 0 | 1 | 0.00 | 0.00 |
| Literature - British | 0 | 2 | 0 | 0 | 20 | 75 | 75.50 | 2 | 2 | 0.00 | 0.00 |
| Literature - European | 0 | 2 | 1 | 0 | 15 | 88 | 91.50 | 0 | 2 | 0.00 | 0.00 |
| Fine Arts - Visual | 1 | 0 | 0 | 0 | 15 | 65 | 65.00 | 1 | 1 | 0.00 | 0.00 |
| Philosophy | 0 | 1 | 0 | 0 | 10 | 111 | 111.00 | 1 | 1 | 0.00 | 0.00 |
| Pop Culture | 0 | 1 | 0 | 0 | 10 | 114 | 114.00 | 0 | 0 | 0.00 | 0.00 |
| History - American | 0 | 1 | 0 | 0 | 10 | 99 | 99.00 | 1 | 1 | 0.00 | 0.00 |
| Science - Physics | 0 | 1 | 0 | 0 | 10 | 93 | 93.00 | 1 | 1 | 0.00 | 0.00 |